| 000 | 00463nam a2200169 a 4500 | ||
|---|---|---|---|
| 001 | 000024973 | ||
| 005 | 20200930023501.0 | ||
| 008 | 110201s1981 xxu r 000 0 eng d | ||
| 020 | _a0380547341 | ||
| 040 |
_aDO-SdBNP _beng _cBNPHU |
||
| 082 |
_ann* _bnn* |
||
| 100 | 1 |
_aCollins, Larry. _910551 |
|
| 245 | 1 | 4 |
_aThe fifth horse man / _cLarry Collins y Dominique Lapierre. |
| 260 |
_aNew York : _bAvon Books, _c1981. |
||
| 300 |
_a482 p. ; _c18 cm. |
||
| 049 | _aBNGR | ||
| 999 |
_c24466 _d24466 |
||